000 00873nam a22001697a 4500
008 100704t xxu||||| |||| 00| 0 eng d
082 _222
_a320.956
_bس م ى
100 _915780
_aسميع, صالح حسن
245 _aأزمة الحرية السياسة فى الوطن العربى :
_bدراسة علمية موثقة /
_cصالح حسن سميع
260 _aالقاهرة:
_bالزهراء للإعلام العربى,
_c1988.
300 _a730 سم؛
_c25 سم.
650 _915771
_aالعالم العربى - الأحوال السياسية
650 _915778
_aالسياسة - الوطن العربى
650 _915779
_aالإسلام - النظام السياسى
942 _2ddc
_cBB
999 _c14353
_d14353